Statistics for Countries with the Most Military Aircrafts

Click here to take the quiz!

General Stats

  • This quiz has been taken 48 times
  • The average score is 18 of 20

Answer Stats

Numbers of Military AircraftsAnswer% Correct
601Germany
100%
4182Russia
100%
663UK
100%
3166China
98%
2210India
98%
1413Pakistan
98%
13330USA
98%
1004France
95%
947North Korea
95%
665Brazil
93%
1451Japan
93%
1602South Korea
93%
850Italy
91%
1065Turkey
91%
1069Egypt
79%
601Israel
79%
897Saudi Arabia
79%
635Greece
65%
737Taiwan
63%
565UAE
51%

Score Distribution

Percentile by Number Answered

Percent of People with Each Score

Your Score History

You have not taken this quiz